Personnages de HPI par images - Statistiques

Statistiques générales
  • Ce quiz a été pris 543 fois
  • Le résultat moyen est 10 sur 16
Statistiques - réponses
Par images Réponse % Correct
Morgane Alvaro
99%
Adam Karadec
96%
Gilles Vandraud
89%
Daphné Forestier
77%
Théa Mulier
74%
Céline Hazan
73%
Eliott Mulier
72%
Roxane Ascher
69%
Timothée Guichard
67%
Ludovic Mulier
61%
Henri
51%
Serge Alvaro
44%
Fred Prigent
35%
Bonnemain
27%
Agnès Alvaro
24%
Sofiane Karadec
18%
Aucun quiz correspondant
Distribution des résultats
% des personnes avec chaque résultat
Percentile par nombre de réponses
Votre historique - résultats
Vous n’avez pas pris ce quiz